000 00557nam a22001937a 4500
005 20170127161529.0
010 _aENG-117197
020 _a9789386050885
_c250.00
035 _aEN-100729
037 _bDBAD/PUB
082 _aS
100 _aJames,M.R.
245 _aThe haunted dolls'house :
_cby M.R.James
_bstories of the supernatural /
260 _aNew Delhi
_bSpeaking Tieger
_c2016
270 _a4381/4, Ansari Road, Daryaganj
_bNew Delhi
_e110002
300 _a193p.
_b22cm(pbk)
490 _aA Ruskin Bond Selection
942 _2ddc
_cEN
_hS
_mJAM
999 _c137280
_d137280